| 000 | 00547nam a2200181 i 4500 | ||
|---|---|---|---|
| 001 | 36254 | ||
| 003 | ES-MaACL | ||
| 005 | 20250927123249.0 | ||
| 007 | t| | ||
| 008 | 030217s1948 sp ||||1| spa d | ||
| 245 | 0 | 0 |
_aBreve antología de la poesía china / _cMarcela de Juan. |
| 260 |
_aMadrid : _bRevista de Occidente, _c[1948] ( _fVda. de Galo Sáez) |
||
| 300 |
_a107 p. ; _c17 cm. |
||
| 650 | 4 |
_aPoesías chinas _916208 |
|
| 700 | 1 |
_aJuan, Marcela de, _d1905-1981 _967096 |
|
| 852 |
_aES-MaACL _jB-12957 |
||
| 999 |
_c36254 _d36254 |
||